LEADER 01466nam a2200313 u 4500 001 000000056664 003 CaOOAMICUS 005 20070226120511.0 008 010418s2000 it u000 u fre u 020 $a8881390906 035 $a10885787 040 $aBSR$bita 100 1 $aVogüé, Adalbert de,$cO.S.B.,$d1924-$0(OLS)http://pul/name/1073 240 10$aSelections$9(Vogüé, Adalbert de, O.S.B., 1924-).$0(OLS)http://pul/title/75791 245 10$aRegards sur le monachisme des premiers siècles :$brecueil d'articles /$cAdalbert de Vogüé. 260 $aRoma :$bPontificio Ateneo S. Anselmo,$c2000. 300 $axxv, 908 p. ;$c25 cm 490 1 $aStudia Anselmiana ;$v130 504 $aContains bibliographical references and indexes. 504 $a"Etudes déjà publiées": p. [xvii]-xxi. 650 0$aMonasticism and religious orders$xHistory.$2//eng$0(OLS)http://pul/subject/18384 650 0$aMonastic and religious life.$2//eng$0(OLS)http://pul/subject/1516 830 0$aStudia Anselmiana ;$v130.$0(OLS)http://pul/title/554 850 $aPUL 852 $aPUL$W1$xSL Religione 3$y85$m230. 05 COLL 2.130$j74288$nBK-PRI$qDDC 21$B74288$CPULBib$Z2$F74288 $82 941 1 $a9 996 $6020$a8881390906$9(OLS)http://pul/number/71487 996 $6245$aRegards sur le monachisme des premiers siècles :$brecueil d'articles$9(OLS)http://pul/title/75792 996 $6260$aRoma :$bPontificio Ateneo S. Anselmo$9(OLS)http://pul/publisher/48098 LEADER 01349nam a2200289 u 4500 001 000000112828 003 CaOOAMICUS 005 20090325155913.0 008 080722s2008 it u000 u ita u 020 $z978-88-08-66497-6* 040 $aPUL$bita$dLDB 100 1 $aDelli Priscoli, Lorenzo.$0(OLS)http://pul/name/69490 245 12$aL'eccezione di incostituzionalità: profili processuali /$cLorenzo Delli Priscoli, Paolo Giovanni Demarchi ; prefazione di Paolo Maria Napolitano. 260 $aBologna :$bZanichelli,$cc2008. 300 $axxix, 346 p. ;$c25 cm. 490 1 $aStrumenti del diritto ;$v09 504 $aBibliografia in nota. 610 14$aItalia.$bCorte costituzionale.$0(OLS)http://pul/subject/2393 700 1 $aDemarchi, Paolo Giovanni.$0(OLS)http://pul/name/69489 830 0$aStrumenti del diritto ;$v09.$0(OLS)http://pul/title/136502 850 $aPUL 852 $aPUL$W1$xSL Diritto e Scienze Sociali 3$y79$m342. 45 DELLO 1$j129097$qDDC 21$B128064$CPULBib$Z2$F128064 $H107748 $82 941 1 $a9 960 $aCorte costituzionale (Italia)$92393 996 $6020$z978-88-08-66497-6*$9(OLS)http://pul/number/138562 996 $6245$aL'eccezione di incostituzionalità: profili processuali$9(OLS)http://pul/title/141823 996 $6260$aBologna :$bZanichelli$9(OLS)http://pul/publisher/48255 LEADER 03808nam a2200697 a 4500 001 000000132213 003 CaOOAMICUS 005 20230621170054.0 008 121217m20122019it u001 u ita r 020 $a978-88-372-2546-9 (v.1)* 020 $a978-88-372-2668-8 (v. 2/1-2)* 020 $a978-88-372-2669-5 (v. 3) 020 $a978-88-372-2670-1 (v.4) 032 $aLibriCat 040 $aPUL$bita 041 $aita$agrc$hgrc 082 04$a220 130 0 $aBiblia.$pV.T.$lGreco e italiano.$0(OLS)http://pul/title/63848 245 13$aLa Bibbia dei Settanta /$copera diretta da Paolo Sacchi in collaborazione con Luca Mazzinghi. 260 $aBrescia :$bMorcelliana,$c©2012-2019. 300 $a4 volumi in 5 tomi ;$c23 cm. 490 1 $aAntico e Nuovo Testamento ;$v14-17 500 $aTitolo originale: Septuaginta. 500 $aNel v. 4 la formulazione di responsabilità varia in: "Opera in quattro volumi diretta da Paolo Sacchi" 500 $aNel v. 2 la formulazione di responsabilità varia in: "Opera in quattro volumi diretta da Paolo Sacchi in collaborazione con Corrado Martone" 504 $aContiene riferimenti bibliografici ed indice. 505 1 $aV.1. Pentateuco / a cura di Paolo Lucca. -- v. 2.1-2- Libri storici / a cura di Pier Giorgio Borbone. -- v. 3. Libri poetici / a cura di Corrado Martone. -- v.4. Profeti / a cura di Liliana Rosso Ubigli. 546 $aTesto in greco a fronte, traduzione in italiano. 630 04$aBiblia.$pV.T.$pProphetae.$0(OLS)http://pul/subject/10034 630 04$aBiblia.$pV.T.$pPentateuchus.$0(OLS)http://pul/subject/2450 700 1 $aSacchi, Paolo.$0(OLS)http://pul/name/75 700 1 $aMazzinghi, Luca,$csac.,$d1960-$0(OLS)http://pul/name/22627 700 1 $aLucca, Paolo.$0(OLS)http://pul/name/85165 700 1 $aMartone, Corrado,$d1963-$0(OLS)http://pul/name/39564 700 1 $aBorbone, Pier Giorgio.$0(OLS)http://pul/name/7393 700 1 $aRosso Ubigli, Liliana.$0(OLS)http://pul/name/24651 740 02$aProfeti. 740 02$aLibri poetici. 740 02$aPentateuco. 740 02$aLibri storici. 830 0$aAntico e Nuovo Testamento (Morcelliana) ;$v14-17.$0(OLS)http://pul/title/143086 850 $aPUL 852 $aPUL$W1$xSL Religione 3$y85$m220 COLL 5.14$j152166$bv.1$qDDC 21$B151515$CPULBib$Z2$F151515 $H121333 $82 852 $aPUL$W1$xSL Religione 3$y85$m220 COLL 5.16$j156902$bv. 3$qDDC 21$B156308$CPULBib$Z2$F156308 $H123185 $82 852 $aPUL$W1$xSL Religione 3$y85$m220 COLL 5.15.1$j173126$bv. 2.1$qDDC 21$B175174$CPULBib$Z2$F175174 $H127506 $81 852 $aPUL$W1$xSL Religione 3$y85$m220 COLL 5.15.2$j173128$bv. 2.2$qDDC 21$B175176$CPULBib$Z2$F175176 $H127507 $81 852 $aPUL$W1$xSL Religione 3$y85$m220 COLL 5.17$j200121$bv. 4$qDDC 21$B204901$CPULBib$Z2$F204901 $H136353 $81 941 1 $a9 996 $6020$a978-88-372-2669-5 (v. 3)$9(OLS)http://pul/number/153889 996 $6020$a978-88-372-2546-9 (v.1)*$9(OLS)http://pul/number/151400 996 $6020$a978-88-372-2668-8 (v. 2/1-2)*$9(OLS)http://pul/number/160107 996 $6020$a978-88-372-2670-1 (v.4)$9(OLS)http://pul/number/169194 996 $6082$a220$9(OLS)http://pul/classification/523 996 $6245$aLa Bibbia dei Settanta$9(OLS)http://pul/title/167025 996 $6740$aProfeti$9(OLS)http://pul/title/217440 996 $6740$aLibri poetici$9(OLS)http://pul/title/217439 996 $6740$aLibri storici$9(OLS)http://pul/title/217438 996 $6740$aPentateuco$9(OLS)http://pul/title/43299 996 $6260$aBrescia :$bMorcelliana$9(OLS)http://pul/publisher/47854